|
|
|
|
| LEADER |
01517nam a22003257a 4500 |
| 001 |
30094 |
| 003 |
BD-DhAAL |
| 005 |
20151031100819.0 |
| 008 |
151031s2009 lu ab c b 001 0 eng d |
| 020 |
|
|
|a 9780133603286
|
| 020 |
|
|
|a 0133603288
|
| 040 |
|
|
|a BD-DhAAL
|c BD-DhAAL
|
| 041 |
|
|
|a eng
|
| 082 |
0 |
0 |
|2 223
|a 910.712
|
| 245 |
0 |
0 |
|a Prentice Hall world studies :
|b Africa, Asia, and Australia
|
| 246 |
3 |
0 |
|a World studies
|
| 250 |
|
|
|a North Carolina ed
|
| 260 |
|
|
|a Needham, MA. :
|b Pearson/Prentice Hall,
|c c2009
|
| 300 |
|
|
|a 524 p. :
|b bill., col. maps ;
|c 31 cm.
|
| 500 |
|
|
|a Program authors: Heidi Hayes Jacobs, Michal L. LeVasseur; special reading consultants: Kate Kinsella, Kevin Feldman, cartography consultant: Andrew Heritage
|
| 500 |
|
|
|a At head of title: North Carolina
|
| 541 |
|
|
|e 30094
|
| 650 |
|
0 |
|a Geography
|x Study and teaching (Middle school)
|9 15824
|
| 650 |
|
0 |
|a Civilization
|x Study and teaching (Middle school)
|9 15825
|
| 700 |
1 |
|
|a Jacobs, Heidi Hayes
|9 15826
|
| 710 |
2 |
|
|a Pearson/Prentice Hall
|9 15827
|
| 942 |
|
|
|2 ddc
|c BK
|
| 999 |
|
|
|c 35960
|d 35960
|
| 952 |
|
|
|0 0
|1 0
|2 ddc
|4 0
|6 910_712000000000000_PRE
|7 0
|9 56511
|a BRACUL
|b BRACUL
|c GEN
|d 2015-10-31
|e BRAC Institute of Language (BIL)
|l 1
|m 3
|o 910.712 PRE
|p 3010030094
|r 2025-03-05
|s 2025-02-08
|t 1
|w 2015-10-31
|y BK
|x Transferred from BIL to BRACUL on 06/06/22
|
| 952 |
|
|
|0 0
|1 0
|2 ddc
|4 0
|6 910_712000000000000_PRE
|7 0
|9 57440
|a SCL
|b SCL
|c GEN
|d 2015-12-31
|e Gift: The Asia Foundation
|l 1
|o 910.712 PRE
|p 3020007591
|r 2023-11-07
|s 2023-10-27
|t 2
|w 2015-12-31
|y BK
|